Countries of the World by Top-Level Domain - Statistics

General Stats
  • This quiz has been taken 17 times
  • The average score is 95 of 196
Answer Stats
Hint Answer % Correct
.af Afghanistan
100%
.lv Latvia
91%
.al Albania
82%
.am Armenia
82%
.au Australia
82%
.az Azerbaijan
82%
.be Belgium
82%
.ca Canada
82%
.dj Djibouti
82%
.dm Dominica
82%
.do Dominican Republic
82%
.ee Estonia
82%
.fj Fiji
82%
.fi Finland
82%
.fr France
82%
.de Germany
82%
.is Iceland
82%
.ie Ireland
82%
.it Italy
82%
.jp Japan
82%
.kz Kazakhstan
82%
.ke Kenya
82%
.nl Netherlands
82%
.pl Poland
82%
.pt Portugal
82%
.ro Romania
82%
.ru Russia
82%
.th Thailand
82%
.ug Uganda
82%
.us United States
82%
.uz Uzbekistan
82%
.vu Vanuatu
82%
.ad Andorra
73%
.br Brazil
73%
.cn China
73%
.dk Denmark
73%
.er Eritrea
73%
.hu Hungary
73%
.in India
73%
.iq Iraq
73%
.jm Jamaica
73%
.jo Jordan
73%
.lt Lithuania
73%
.mx Mexico
73%
.no Norway
73%
.om Oman
73%
.qa Qatar
73%
.sk Slovakia
73%
.es Spain
73%
.tz Tanzania
73%
.tv Tuvalu
73%
.ua Ukraine
73%
.uk† United Kingdom
73%
.zm Zambia
73%
.zw Zimbabwe
73%
.bo Bolivia
64%
.bf Burkina Faso
64%
.co Colombia
64%
.cz Czech Republic
64%
.et Ethiopia
64%
.fm Federated States of Micronesia
64%
.ga Gabon
64%
.ir Iran
64%
.kw Kuwait
64%
.kg Kyrgyzstan
64%
.nz New Zealand
64%
.ng Nigeria
64%
.rw Rwanda
64%
.za South Africa
64%
.ch Switzerland
64%
.to Tonga
64%
.tr Turkey
64%
.ae United Arab Emirates
64%
.va Vatican City
64%
.ve Venezuela
64%
.vn Vietnam
64%
.ye Yemen
64%
.ar Argentina
55%
.by Belarus
55%
.bw Botswana
55%
.bg Bulgaria
55%
.hr Croatia
55%
.cy Cyprus
55%
.gq Equatorial Guinea
55%
.gm Gambia
55%
.gh Ghana
55%
.ht Haiti
55%
.il Israel
55%
.lb Lebanon
55%
.ly Libya
55%
.np Nepal
55%
.so Somalia
55%
.tj Tajikistan
55%
.tg Togo
55%
.uy Uruguay
55%
.at Austria
45%
.bb Barbados
45%
.cu Cuba
45%
.ec Ecuador
45%
.gn Guinea
45%
.hn Honduras
45%
.id Indonesia
45%
.la Laos
45%
.li Liechtenstein
45%
.ml Mali
45%
.mr Mauritania
45%
.me Montenegro
45%
.nr Nauru
45%
.ni Nicaragua
45%
.pk Pakistan
45%
.ph Philippines
45%
.kr South Korea
45%
.tw Taiwan
45%
.tt Trinidad and Tobago
45%
.tm Turkmenistan
45%
.ag Antigua and Barbuda
36%
.bh Bahrain
36%
.bd Bangladesh
36%
.kh Cambodia
36%
.cv Cape Verde
36%
.cl Chile
36%
.eg Egypt
36%
.ge Georgia
36%
.gr Greece
36%
.gt Guatemala
36%
.gw Guinea-Bissau
36%
.ki Kiribati
36%
.lu Luxembourg
36%
.mw Malawi
36%
.mu Mauritius
36%
.mc Monaco
36%
.mz Mozambique
36%
.ne Niger
36%
.kp North Korea
36%
.pa Panama
36%
.py Paraguay
36%
.sm San Marino
36%
.sa Saudi Arabia
36%
.ss South Sudan
36%
.se Sweden
36%
.ao Angola
27%
.bz Belize
27%
.cm Cameroon
27%
.cd Democratic Republic of the Congo
27%
.sz Eswatini
27%
.gd Grenada
27%
.gy Guyana
27%
.ci Ivory Coast
27%
.ls Lesotho
27%
.lr Liberia
27%
.my Malaysia
27%
.mv Maldives
27%
.md Moldova
27%
.mn Mongolia
27%
.na Namibia
27%
.mk North Macedonia
27%
.pg Papua New Guinea
27%
.pe Peru
27%
.cg Republic of the Congo
27%
.sc Seychelles
27%
.sg Singapore
27%
.si Slovenia
27%
.sd Sudan
27%
.dz Algeria
18%
.bs Bahamas
18%
.bt Bhutan
18%
.bi Burundi
18%
.tl East Timor
18%
.sv El Salvador
18%
.xk* Kosovo
18%
.mg Madagascar
18%
.mm Myanmar
18%
.kn Saint Kitts and Nevis
18%
.ws Samoa
18%
.rs Serbia
18%
.sl Sierra Leone
18%
.bj Benin
9%
.cf Central African Republic
9%
.km Comoros
9%
.cr Costa Rica
9%
.mt Malta
9%
.pw Palau
9%
.lc Saint Lucia
9%
.vc Saint Vincent and the Grenadines
9%
.sn Senegal
9%
.lk Sri Lanka
9%
.sr Suriname
9%
.sy Syria
9%
.tn Tunisia
9%
.ba Bosnia and Herzegovina
0%
.bn Brunei
0%
.td Chad
0%
.mh Marshall Islands
0%
.ma Morocco
0%
.st São Tomé and Príncipe
0%
.sb Solomon Islands
0%
No matching quizzes found
Score Distribution
Percent of People with Each Score
Percentile by Number Answered
Your Score History
You have not taken this quiz